000 00325nam a22001217a 4500
999 _c18128
_d18128
008 191209b xxu||||| |||| 00| 0 eng d
020 _a9793198743
050 _aSD248.5
_b.N44 2013 c.1
245 _aNegotiation -Support toolkit for learning landscapes
260 _aIndonesia
_bWAFC
300 _avi, 285p.
942 _2lcc
_cBK